[Event "BRA-ch 85th sf Reg2"]
[Site "Manaus"]
[Date "2018.11.03"]
[Round "5"]
[White "Farias, Sergio A"]
[Black "Zallio, Luciano de Souza"]
[Result "0-1"]
[WhiteElo "2034"]
[BlackElo "2245"]
[PlyCount "35"]
[EventDate "2018.11.01"]
[EventType "swiss"]
[EventRounds "7"]
[EventCountry "BRA"]
[SourceTitle "CBM 189 Extra"]
[Source "ChessBase"]
[SourceDate "2019.06.03"]
[SourceVersion "1"]
[SourceVersionDate "2019.06.03"]
[SourceQuality "1"]

1. c4 e5 2. g3 f5 3. d3 Be7 4. e3 d6 5. b4 g5 6. f4 h6 7. e4 fxe4 8. dxe4 exf4 9. gxf4 c6 10. Be3 gxf4 11. Bxf4 Bh3 12. Bd2 Be6 13. Be3 Bxc4 14. h4 b6 15. h5 d5 16. b5 d4 17. Bxd4 Bxb5 18. Be3 0-1

[Event "BRA-ch 85th sf Reg2"]
[Site "Manaus"]
[Date "2018.11.02"]
[Round "2"]
[White "Souza, Rafael Cabral de"]
[Black "Farias, Sergio A"]
[Result "1-0"]
[WhiteElo "2138"]
[BlackElo "2034"]
[PlyCount "95"]
[EventDate "2018.11.01"]
[EventType "swiss"]
[EventRounds "7"]
[EventCountry "BRA"]
[SourceTitle "CBM 189 Extra"]
[Source "ChessBase"]
[SourceDate "2019.06.03"]
[SourceVersion "1"]
[SourceVersionDate "2019.06.03"]
[SourceQuality "1"]

1. e4 c5 2. Nf3 e6 3. Nc3 a6 4. g3 Qc7 5. Bg2 Nc6 6. 0-0 g6 7. d4 cxd4 8. Nxd4 Bg7 9. Bf4 e5 10. Nxc6 dxc6 11. Be3 b6 12. f4 Ne7 13. g4 exf4 14. Bxf4 Be5 15. Bxe5 Qxe5 16. Qf3 Be6 17. Rad1 h5 18. gxh5 Rxh5 19. Qf4 Qxf4 20. Rxf4 Rd8 21. Rff1 Re5 22. b3 Rc5 23. Rxd8+ Kxd8 24. Rd1+ Kc7 25. Rd3 a5 26. a4 b5 27. axb5 cxb5 28. Ne2 Rxc2 29. Nd4 Rc1+ 30. Kf2 Bd7 31. Bh3 Be8 32. Bg4 Rc5 33. Be2 Nc6 34. Rc3 Rxc3 35. Nxb5+ Kb6 36. Nxc3 Kc5 37. Ke3 Kb4 38. Nd5+ Kxb3 39. Bd1+ Kc4 40. Nf6 Nd4 41. Nxe8 Kc3 42. Ba4 Nb3 43. Nd6 Nc5 44. Be8 f6 45. h4 a4 46. Bxg6 Kb4 47. Bf7 Nb3 48. Nc4 1-0

[Event "Titled Tuesday intern op 3rd May"]
[Site "Chess.com INT"]
[Date "2016.05.03"]
[Round "6"]
[White "Farias, Sergio A"]
[Black "Goldsby, AJ."]
[Result "1/2-1/2"]
[WhiteElo "2220"]
[BlackElo "2073"]
[PlyCount "139"]
[EventDate "2016.05.03"]
[EventType "swiss (blitz)"]
[EventRounds "9"]
[EventCountry "USA"]
[SourceTitle "EXT 2021"]
[Source "ChessBase"]
[SourceDate "2020.10.23"]
[SourceVersion "1"]
[SourceVersionDate "2020.10.23"]
[SourceQuality "1"]

1. c4 g6 2. Nc3 Bg7 3. e4 d6 4. Nge2 Nc6 5. d4 e5 6. d5 Nce7 7. Be3 h6 8. Qd2 f5 9. exf5 gxf5 10. f4 Nf6 11. h3 Nh5 12. 0-0-0 Ng6 13. g3 a6 14. Bg2 Rb8 15. Bf3 Nf6 16. fxe5 Nxe5 17. Nd4 Nxc4 18. Qd3 Nxe3 19. Qxe3+ Kf7 20. Ne6 Qe7 21. Rhe1 Re8 22. Qf4 Kg6 23. g4 fxg4 24. hxg4 Bxe6 25. dxe6 Kh7 26. g5 hxg5 27. Qf5+ Kg8 28. Nd5 Nxd5 29. Bxd5 c6 30. Bb3 d5 31. Bc2 Bf6 32. Rh1 Rf8 33. Rh7 Bxb2+ 34. Kxb2 Rxf5 35. Rxe7 Re5 36. Bg6 b5 37. Rh1 Rf8 38. Rf7 Rxe6 39. Rxf8+ Kxf8 40. Bc2 Re2 41. Rh6 c5 42. Rxa6 d4 43. Kc1 c4 44. Rd6 d3 45. Bxd3 cxd3 46. Rxd3 Rxa2 47. Rd5 Rg2 48. Rxb5 Kf7 49. Kd1 Kg6 50. Ke1 Ra2 51. Kf1 Kh5 52. Kg1 Ra3 53. Kg2 Kh4 54. Rb8 Ra2+ 55. Kg1 g4 56. Rb3 Rc2 57. Kh1 Ra2 58. Kg1 Kg5 59. Rb5+ Kh4 60. Rb3 g3 61. Rb8 Kg4 62. Rg8+ Kf3 63. Rf8+ Kg4 64. Rg8+ Kf3 65. Rf8+ Kg4 66. Rg8+ Kf3 67. Rf8+ Kg4 68. Rg8+ Kh3 69. Rh8+ Kg4 70. Rg8+ 1/2-1/2

[Event "Titled Tuesday intern op 3rd May"]
[Site "Chess.com INT"]
[Date "2016.05.03"]
[Round "2"]
[White "Kleiman, Jake"]
[Black "Farias, Sergio A"]
[Result "1-0"]
[WhiteElo "2378"]
[BlackElo "2220"]
[PlyCount "73"]
[EventDate "2016.05.03"]
[EventType "swiss (blitz)"]
[EventRounds "9"]
[EventCountry "USA"]
[SourceTitle "EXT 2021"]
[Source "ChessBase"]
[SourceDate "2020.10.23"]
[SourceVersion "1"]
[SourceVersionDate "2020.10.23"]
[SourceQuality "1"]

1. e4 c5 2. c3 d5 3. exd5 Qxd5 4. d4 Nf6 5. Nf3 Bg4 6. Nbd2 Nc6 7. Bc4 Qd8 8. dxc5 a5 9. Qb3 e6 10. Qxb7 Rc8 11. Bb5 Qd7 12. Qxd7+ Nxd7 13. b4 axb4 14. Bxc6 Rxc6 15. cxb4 Be7 16. Bb2 0-0 17. a3 Rb8 18. Bd4 e5 19. Be3 f5 20. h3 Bxf3 21. Nxf3 Bf6 22. Rd1 Nf8 23. 0-0 Ra6 24. Bc1 Ne6 25. g4 f4 26. Rfe1 Nd4 27. Nxd4 exd4 28. Bxf4 Rba8 29. g5 Bd8 30. Rxd4 Rxa3 31. Re8+ Kf7 32. Rexd8 Rxd8 33. Rxd8 Rxh3 34. Bg3 Rh5 35. f4 h6 36. c6 hxg5 37. c7 1-0

[Event "Maringa op 4th"]
[Site "Maringa"]
[Date "2014.08.23"]
[Round "7"]
[White "Farias, Sergio A"]
[Black "Pastana, Rafael Pedroni"]
[Result "1/2-1/2"]
[WhiteElo "2055"]
[BlackElo "1930"]
[PlyCount "33"]
[EventDate "2014.08.20"]
[EventType "swiss"]
[EventRounds "9"]
[EventCountry "BRA"]
[SourceTitle "EXT 2015"]
[Source "ChessBase"]
[SourceDate "2014.11.20"]
[SourceVersion "1"]
[SourceVersionDate "2014.11.20"]
[SourceQuality "1"]

1. d4 Nf6 2. c4 g6 3. Nc3 Bg7 4. e4 0-0 5. Be3 d6 6. f3 e5 7. d5 c6 8. Bd3 cxd5 9. cxd5 Nh5 10. Nge2 f5 11. exf5 Bxf5 12. Qd2 a6 13. 0-0 Nd7 14. g4 Nf4 15. Nxf4 exf4 16. Bxf4 Ne5 17. g5 1/2-1/2

[Event "Maringa op 4th"]
[Site "Maringa"]
[Date "2014.08.21"]
[Round "4"]
[White "Kaneda, Eric Kazuichi"]
[Black "Farias, Sergio A"]
[Result "0-1"]
[WhiteElo "1810"]
[BlackElo "2055"]
[PlyCount "84"]
[EventDate "2014.08.20"]
[EventType "swiss"]
[EventRounds "9"]
[EventCountry "BRA"]
[SourceTitle "EXT 2015"]
[Source "ChessBase"]
[SourceDate "2014.11.20"]
[SourceVersion "1"]
[SourceVersionDate "2014.11.20"]
[SourceQuality "1"]

1. d4 e6 2. Nf3 d5 3. Bf4 Nf6 4. e3 Nbd7 5. Nbd2 c5 6. c3 b6 7. Qb1 Nh5 8. Be5 Nxe5 9. Nxe5 cxd4 10. exd4 Bd6 11. Ndf3 0-0 12. Bd3 g6 13. g3 Qc7 14. Qc1 f6 15. Nxg6 hxg6 16. Bxg6 Ng7 17. Qh6 Nf5 18. Bxf5 exf5 19. 0-0-0 Qg7 20. Qxg7+ Kxg7 21. Rde1 Bd7 22. Kd2 Rh8 23. Nh4 Kf7 24. Re2 Rae8 25. Rhe1 Rxe2+ 26. Rxe2 f4 27. Re1 fxg3 28. hxg3 Bf4+ 29. Kc2 Bg5 30. Nf3 Bf5+ 31. Kb3 Be4 32. Nxg5+ fxg5 33. Kb4 g4 34. b3 Rh2 35. Re2 Bf3 36. Rd2 Ke6 37. c4 Kd6 38. a4 Rh1 39. Kb5 dxc4 40. Kxc4 Rb1 41. Kc3 Kd5 42. b4 Bd1 0-1

[Event "Cuiaba Contaud op"]
[Site "Cuiaba"]
[Date "2014.05.02"]
[Round "3"]
[White "Duailibe, Ricardo Miguel"]
[Black "Farias, Sergio A"]
[Result "0-1"]
[WhiteElo "1915"]
[BlackElo "2065"]
[PlyCount "66"]
[EventDate "2014.05.01"]
[EventType "swiss"]
[EventRounds "6"]
[EventCountry "BRA"]
[SourceTitle "CBM 160 Extra"]
[Source "ChessBase"]
[SourceDate "2014.07.01"]
[SourceVersion "1"]
[SourceVersionDate "2014.07.01"]
[SourceQuality "1"]

1. e4 c5 2. Nf3 e6 3. c4 Qc7 4. Nc3 a6 5. g3 b6 6. Bg2 Bb7 7. d3 d6 8. 0-0 Nc6 9. a3 g6 10. Rb1 Bg7 11. Ne1 Nge7 12. f4 0-0 13. Nc2 Nd4 14. Ne3 f5 15. Bd2 Rad8 16. h4 b5 17. b3 b4 18. axb4 cxb4 19. Ne2 Nxe2+ 20. Qxe2 a5 21. h5 Nc6 22. Nc2 Nd4 23. Nxd4 Bxd4+ 24. Kh1 gxh5 25. Bf3 Rf6 26. Be3 Qc5 27. Bd2 Kh8 28. Kg2 h4 29. Rh1 Rh6 30. Rh3 Rg8 31. g4 fxg4 32. Bxg4 Rxg4+ 33. Qxg4 Rg6 0-1

[Event "Cuiaba Contaud op"]
[Site "Cuiaba"]
[Date "2014.05.02"]
[Round "2"]
[White "Farias, Sergio A"]
[Black "Cubas, Jose Fernando"]
[Result "0-1"]
[WhiteElo "2065"]
[BlackElo "2465"]
[PlyCount "118"]
[EventDate "2014.05.01"]
[EventType "swiss"]
[EventRounds "6"]
[EventCountry "BRA"]
[SourceTitle "CBM 160 Extra"]
[Source "ChessBase"]
[SourceDate "2014.07.01"]
[SourceVersion "1"]
[SourceVersionDate "2014.07.01"]
[SourceQuality "1"]

1. d4 d5 2. c4 Nc6 3. cxd5 Qxd5 4. e3 e5 5. Nc3 Bb4 6. Bd2 Bxc3 7. bxc3 Nf6 8. c4 Qd6 9. d5 Ne7 10. Qa4+ Nd7 11. Bb4 Qf6 12. Rd1 0-0 13. d6 Nc6 14. Ba3 cxd6 15. Rxd6 Qf5 16. Qd1 Re8 17. g4 Qe4 18. Nf3 Nd4 19. Be2 Nxe2 20. Qxe2 Nb6 21. Rg1 Qxc4 22. Qb2 Bxg4 23. Nxe5 Rxe5 24. Rd4 Qe2+ 25. Qxe2 Bxe2 26. Kxe2 Ra5 27. Be7 Rxa2+ 28. Kf3 f5 29. Bc5 Rc2 30. Bxb6 axb6 31. Rd7 g6 32. Rxb7 Raa2 33. Rd1 Rxf2+ 34. Kg3 Rfd2 35. Rc1 Rg2+ 36. Kf4 Rg4+ 37. Kf3 Ra8 38. Rcc7 Rh4 39. Kg3 Rh5 40. h4 Re8 41. Re7 Rxe7 42. Rxe7 Kf8 43. Rb7 b5 44. Kh3 f4 45. exf4 Ke8 46. f5 Rxf5 47. Rxh7 Rf7 48. Rh8+ Kd7 49. Rg8 Rf6 50. Kg4 Rb6 51. Kg5 b4 52. Rf8 b3 53. Rf1 b2 54. Rb1 Ke7 55. h5 gxh5 56. Kf4 Rb3 57. Ke4 h4 58. Kd4 h3 59. Kc4 Rb6 0-1

[Event "Manaus zt 2.4"]
[Site "Manaus"]
[Date "2013.04.30"]
[Round "5"]
[White "Farias, Sergio A"]
[Black "Souza Neves, Andrey Marcelo"]
[Result "1/2-1/2"]
[WhiteElo "2061"]
[BlackElo "2159"]
[PlyCount "119"]
[EventDate "2013.04.27"]
[EventType "swiss"]
[EventRounds "9"]
[EventCountry "BRA"]
[SourceTitle "CBM 154 Extra"]
[Source "ChessBase"]
[SourceDate "2013.06.25"]
[SourceVersion "2"]
[SourceVersionDate "2013.06.25"]
[SourceQuality "1"]

1. d4 Nf6 2. c4 e6 3. Nc3 Bb4 4. Qc2 0-0 5. Bg5 c5 6. dxc5 Qa5 7. Bd2 Qxc5 8. e3 d6 9. Nf3 e5 10. a3 Bxc3 11. Bxc3 a5 12. Rd1 Qc7 13. Be2 Nbd7 14. 0-0 a4 15. Rd2 Nc5 16. Bb4 b6 17. Bxc5 bxc5 18. Rfd1 Ra6 19. Ne1 e4 20. f4 h5 21. g3 Ng4 22. Qxe4 Bb7 23. Qd3 Re8 24. Bxg4 hxg4 25. Ng2 Be4 26. Qf1 Rb6 27. f5 Bxg2 28. Qxg2 Rxe3 29. Re2 Qe7 30. Rde1 Rbb3 31. Qf2 Rxe2 32. Rxe2 Qf6 33. Rd2 Rf3 34. Qe2 Kh7 35. Kg2 Kh6 36. h3 Rxf5 37. Qxg4 Kh7 38. Qe4 g6 39. Qd3 Kg7 40. h4 Kh7 41. Qc2 Qe7 42. Re2 Qb7+ 43. Kh2 Qf3 44. Rg2 Qb3 45. Qxb3 axb3 46. Rd2 Rf1 47. Rxd6 Rf2+ 48. Kg1 Rxb2 49. Rb6 Kg7 50. a4 Ra2 51. Rxb3 Rxa4 52. Rc3 Ra2 53. Re3 Rc2 54. Re4 f5 55. Rf4 Kf6 56. Kf1 Ke5 57. Kg1 Re2 58. Rf1 Ke4 59. Rf4+ Ke3 60. h5 1/2-1/2

[Event "Manaus zt 2.4"]
[Site "Manaus"]
[Date "2013.04.28"]
[Round "3"]
[White "Sztokbant, Bernardo Vainzoff"]
[Black "Farias, Sergio A"]
[Result "1-0"]
[WhiteElo "2181"]
[BlackElo "2061"]
[PlyCount "76"]
[EventDate "2013.04.27"]
[EventType "swiss"]
[EventRounds "9"]
[EventCountry "BRA"]
[SourceTitle "CBM 154 Extra"]
[Source "ChessBase"]
[SourceDate "2013.06.25"]
[SourceVersion "2"]
[SourceVersionDate "2013.06.25"]
[SourceQuality "1"]

1. e4 c5 2. Nf3 e6 3. d4 cxd4 4. Nxd4 a6 5. Bd3 Bc5 6. Nb3 Be7 7. Nc3 Nc6 8. 0-0 Nf6 9. f4 d6 10. a4 b6 11. Be3 h5 12. Kh1 Qc7 13. Qf3 Bb7 14. Bg1 Ng4 15. Nd2 Nb8 16. Nc4 Nd7 17. Ne3 Nxe3 18. Qxe3 Bf6 19. Ra3 Qd8 20. Be2 Rc8 21. Rd1 Be7 22. Raa1 Qc7 23. Bf3 Qb8 24. Rd2 h4 25. h3 Rg8 26. Bh2 g5 27. Rad1 gxf4 28. Bxf4 e5 29. Bh6 Qc7 30. Bh5 Nf6 31. Bf3 Rg6 32. Bg5 Ng4 33. Bxg4 Bxg5 34. Qf3 Bxd2 35. Bxc8 Bxc3 36. Bxb7 Bxb2 37. Bd5 Qe7 38. Rf1 Bd4 1-0

[Event "Maringa op 2nd"]
[Site "Maringa"]
[Date "2012.08.10"]
[Round "4"]
[White "Farias, Sergio A"]
[Black "Okawati, Gabriel Akira Andra"]
[Result "1/2-1/2"]
[WhiteElo "2101"]
[BlackElo "1782"]
[PlyCount "79"]
[EventDate "2012.08.08"]
[EventType "swiss"]
[EventRounds "9"]
[EventCountry "BRA"]
[SourceTitle "CBM 149 Extra"]
[Source "ChessBase"]
[SourceDate "2012.08.24"]
[SourceVersion "1"]
[SourceVersionDate "2012.08.24"]
[SourceQuality "1"]

1. d4 Nf6 2. c4 e6 3. Nc3 Bb4 4. e3 0-0 5. Bd3 b6 6. Nge2 Bb7 7. f3 d6 8. e4 Nbd7 9. a3 Bxc3+ 10. Nxc3 a5 11. Be3 e5 12. d5 Nc5 13. Bc2 Nh5 14. g3 Qd7 15. 0-0 Qh3 16. Qd2 Ba6 17. b4 Nd7 18. Bd3 h6 19. Rfc1 Ndf6 20. Bf1 Qd7 21. Ne2 Ne8 22. g4 Nhf6 23. g5 hxg5 24. Bxg5 Nh7 25. Be3 f5 26. exf5 Qxf5 27. Bg2 axb4 28. Ng3 Qg6 29. axb4 Nef6 30. c5 bxc5 31. bxc5 Bb7 32. c6 Rxa1 33. Rxa1 Bc8 34. Ra7 Ne8 35. Kh1 Nhf6 36. Ra8 Bf5 37. Ra1 Nh5 38. Nxh5 Qxh5 39. Qf2 Bh3 40. Ra4 1/2-1/2

[Event "BRA-ch sf 78th"]
[Site "Belem"]
[Date "2011.10.30"]
[Round "3.8"]
[White "Monteiro Neto, Cesidio Rocha"]
[Black "Farias, Sergio A"]
[Result "1/2-1/2"]
[WhiteElo "2064"]
[BlackElo "2122"]
[PlyCount "50"]
[EventDate "2011.10.29"]
[EventType "swiss"]
[EventRounds "8"]
[EventCountry "BRA"]
[SourceTitle "EXT 2022"]
[Source "ChessBase"]
[SourceDate "2021.10.06"]
[SourceVersion "1"]
[SourceVersionDate "2021.10.06"]
[SourceQuality "1"]

1. Nf3 Nf6 2. e3 d5 3. b3 Bg4 4. h3 Bxf3 5. Qxf3 e5 6. Bb2 Nbd7 7. c4 c6 8. Nc3 e4 9. Qd1 dxc4 10. Bxc4 b5 11. Be2 Nc5 12. Rc1 Qd7 13. Nb1 Rd8 14. Bd4 Nd3+ 15. Bxd3 exd3 16. Bxf6 gxf6 17. Qf3 Rc8 18. Qe4+ Qe6 19. Qxe6+ fxe6 20. Rc3 Rg8 21. g4 b4 22. Rxd3 Rg5 23. Rd4 Ra5 24. Rxb4 Rxa2 25. d4 a5 1/2-1/2

[Event "Salvador IV op"]
[Site "Salvador"]
[Date "2011.04.23"]
[Round "4.2"]
[White "De Oliveira, Hebert Silva"]
[Black "Farias, Sergio A"]
[Result "0-1"]
[WhiteElo "2127"]
[BlackElo "2114"]
[PlyCount "74"]
[EventDate "2011.04.21"]
[EventType "swiss"]
[EventRounds "7"]
[EventCountry "BRA"]
[SourceTitle "EXT 2022"]
[Source "ChessBase"]
[SourceDate "2021.10.06"]
[SourceVersion "1"]
[SourceVersionDate "2021.10.06"]
[SourceQuality "1"]

1. d4 Nf6 2. Nf3 e6 3. Bg5 d5 4. e3 c5 5. Nbd2 Nc6 6. c3 Be7 7. Bd3 0-0 8. Ne5 Nxe5 9. dxe5 Nd7 10. Bf4 f5 11. g4 g5 12. gxf5 exf5 13. Rg1 Kh8 14. Bg3 c4 15. Bc2 Nc5 16. Qh5 Qb6 17. 0-0-0 Bd7 18. Rdf1 g4 19. Bf4 Rac8 20. Rxg4 Nd3+ 21. Bxd3 cxd3 22. Rh4 Bxh4 23. Qxh4 Rg8 24. Nf3 d2+ 25. Nxd2 Qa6 26. e6 Qxe6 27. Nf3 Rg4 28. Qh3 d4 29. Be5+ Kg8 30. Kb1 dxc3 31. Bxc3 Qe4+ 32. Ka1 Rxc3 33. bxc3 Qc2 34. Nd4 Qxc3+ 35. Kb1 Rxd4 36. Rg1+ Rg4 37. Rxg4+ fxg4 0-1

[Event "Salvador IV op"]
[Site "Salvador"]
[Date "2011.04.23"]
[Round "5.2"]
[White "Farias, Sergio A"]
[Black "Reis, Paulo F Jatoba"]
[Result "0-1"]
[WhiteElo "2114"]
[BlackElo "2370"]
[PlyCount "93"]
[EventDate "2011.04.21"]
[EventType "swiss"]
[EventRounds "7"]
[EventCountry "BRA"]
[SourceTitle "EXT 2022"]
[Source "ChessBase"]
[SourceDate "2021.10.06"]
[SourceVersion "1"]
[SourceVersionDate "2021.10.06"]
[SourceQuality "1"]

1. Nf3 Nf6 2. g3 g6 3. Bg2 c5 4. c4 Nc6 5. d4 cxd4 6. Nxd4 Bg7 7. Nc3 0-0 8. Nc2 d6 9. 0-0 Be6 10. Ne3 Na5 11. b3 Ng4 12. Qc2 Rc8 13. Nxg4 Bxg4 14. Bb2 Bf5 15. e4 Bd7 16. Qd2 a6 17. Rac1 b5 18. cxb5 axb5 19. Nd5 Nc6 20. Bxg7 Kxg7 21. a4 bxa4 22. bxa4 e5 23. Rb1 Nd4 24. a5 Rc2 25. Qb4 Bb5 26. Rfd1 Rc4 27. Qd2 Bc6 28. Nb6 Rc2 29. Qb4 f5 30. f4 fxe4 31. Rb2 Rxb2 32. Qxb2 g5 33. fxe5 dxe5 34. Nc4 Qf6 35. Nxe5 Nf3+ 36. Bxf3 exf3 37. Kf2 Re8 38. Re1 Re6 39. Nc4 Qxb2+ 40. Nxb2 Rh6 41. Rh1 g4 42. Nd3 Rh5 43. h4 Rxa5 44. Nf4 Ra2+ 45. Ke3 Bb5 46. Nd3 Ra3 47. Rd1 0-1

[Event "BRA-ch sf"]
[Site "Recife"]
[Date "2010.10.31"]
[Round "3"]
[White "Farias, Sergio A"]
[Black "Costa, Edvaldo da Cruz"]
[Result "1-0"]
[WhiteElo "2220"]
[BlackElo "1548"]
[PlyCount "89"]
[EventDate "2010.10.30"]
[EventType "swiss"]
[EventRounds "7"]
[EventCountry "BRA"]
[SourceTitle "EXT 2011"]
[Source "ChessBase"]
[SourceDate "2010.11.26"]
[SourceVersion "1"]
[SourceVersionDate "2010.11.26"]
[SourceQuality "1"]

1. Nf3 Nf6 2. c4 g6 3. Nc3 Bg7 4. g3 d6 5. Bg2 0-0 6. 0-0 e5 7. d4 Nbd7 8. e4 exd4 9. Nxd4 Ne5 10. b3 b6 11. f4 c5 12. Ndb5 Nc6 13. Qxd6 Nd4 14. e5 Bb7 15. Bxb7 Qxd6 16. Nxd6 Rad8 17. Bb2 Ng4 18. h3 Ne3 19. Rf2 Nef5 20. Nce4 f6 21. Bxd4 cxd4 22. Bd5+ Kh8 23. exf6 Bxf6 24. Nf7+ Kg7 25. Nxd8 Rxd8 26. Nxf6 Kxf6 27. g4 Nh4 28. Rd1 Re8 29. Rxd4 Re3 30. Bg2 Ke7 31. Re4+ Rxe4 32. Bxe4 Kd6 33. Rd2+ Kc5 34. a3 h5 35. Rd5+ Kc6 36. Rxh5+ Kd6 37. Rxh4 a5 38. b4 a4 39. Bxg6 b5 40. c5+ Kc6 41. Be4+ Kc7 42. Rh7+ Kd8 43. Rb7 Kc8 44. g5 Kd8 45. Bc6 1-0